{"text_format":"3","workbook":"xlsx","n_sheets":2,"sheets":["第1页","人防标识标牌及标线"],"not_rendered":{"images":10},"read":"whole","date_system":"1900"}

{"sheet":"第1页","index":0,"n_rows":27,"n_cols":8,"rows_kept":27,"merged":[[2,2,2,5],[3,0,3,8],[4,0,4,8],[7,0,7,2],[7,3,7,7],[8,0,8,2],[8,3,8,7],[10,0,10,1],[10,2,10,3],[10,6,10,7],[11,2,11,3],[11,6,11,7],[14,0,14,1],[15,0,15,1],[15,2,15,3],[15,6,15,7],[16,2,16,3],[16,6,16,7],[17,0,17,3],[17,4,17,8],[19,0,19,1],[19,2,19,3],[19,6,19,7],[20,2,20,3],[20,6,20,7],[24,0,24,1],[24,2,24,3],[24,6,24,7]]}
[{"$f":"D8","v":40312}]
[]
["                  ",null,"盛雅园人防标识标牌及标线",{"$nulls":3},"工程"]
[]
["招 标 控 制 价"]
[]
[]
[" 招标控制价(小写): ",null,null,{"$f":"人防标识标牌及标线!I12","v":{"v":40312,"d":"40312.00"}}]
["          (大写): ",null,null,{"$f":"IF(ROUND(A1,2)<0,\"无效数值\",IF(ROUND(A1,2)=0,\"零\",IF(ROUND(A1,2)<1,\"\",TEXT(INT(ROUND(A1,2)),\"[dbnum2]\")&\"元\")&IF(INT(ROUND(A1,2)*10)-INT(ROUND(A1,2))*10=0,IF(INT(ROUND(A1,2))*(INT(ROUND(A1,2)*100)-INT(ROUND(A1,2)*10)*10)=0,\"\",\"零\"),TEXT(INT(ROUND(A1,2)*10)-INT(ROUND(A1,2))*10,\"[dbnum2]\")&\"角\")&IF((INT(ROUND(A1,2)*100)-INT(ROUND(A1,2)*10)*10)=0,\"整\",TEXT((INT(ROUND(A1,2)*100)-INT(ROUND(A1,2)*10)*10),\"[dbnum2]\")&\"分\")))","v":"肆万零叁佰壹拾贰元整"}]
[]
["招  标  人：",{"$nulls":4},"造价咨询人："]
[null,null,"(单位盖章)",{"$nulls":3},"(单位资质专用章)"]
[]
[]
["法定代表人 ",{"$nulls":4},"法定代表人 "]
["或其授权人：",{"$nulls":4},"或其授权人:"]
[null,null,"(签字或盖章)",{"$nulls":3},"(签字或盖章)"]
[]
[]
["编 制 人:",{"$nulls":4},"复 核 人："]
[null,null,"(造价人员签字盖专用章)",{"$nulls":3},"(造价工程师签字盖专用章)"]
[]
[]
[]
["编制时间:",null,"2024年04月15日",null,null,"复核时间：","2024年04月15日"]
[]
[{"$nulls":7},"扉-2"]

{"sheet":"人防标识标牌及标线","index":1,"n_rows":12,"n_cols":9,"rows_kept":12,"merged":[[0,0,0,8]]}
["盛雅园人防标识标牌及标线工程"]
["序号","图例","名称","工艺","总数量","单位","规格","全费用综合单价(元)","合计"]
[1," ","指示牌","双面亚克力板     含基础、立柱",2,"个","950*400*5",600,{"$f":"E3*H3","v":1200}]
[2,null,"外部导引标识牌","双面亚克力板",2,"个","900*600*5",600,{"$f":"E4*H4","v":1200}]
[3," ","战时主要出入口标识牌","亚克力板彩喷",6,"个","500*170*5",88,528]
[4," ","战时次要出入口标识牌","亚克力板彩喷",12,"个","500*170*5",88,1056]
[5," ","临空墙机动车出入口墙体标识","采用橙色人工滚涂",40,"㎡","H=900",30,1200]
[6,null,"非机动车坡道侧墙标识","采用橙色人工滚涂",300,"㎡","H=900",30,9000]
[7,null,"人员掩蔽工程导引标识牌","双面亚克力板UV打印",16,"个","800*540*5",508,8128]
[8,null,"干厕平战转换标识牌","双面亚克力板UV打印",9,"个","1200*800*5",1000,9000]
[9,null,"水箱平战转换标识牌","双面亚克力板UV打印",9,"个","1200*800*5",1000,9000]
[null,"小计（元）",{"$nulls":6},{"$f":"SUM(I3:I11)","v":40312}]